Handbook of literacy and technology : transformations in a post-typographic world

Αποθηκεύτηκε σε:
Λεπτομέρειες βιβλιογραφικής εγγραφής
Άλλοι συγγραφείς: Reinking, David (Επιμελητής έκδοσης)
Μορφή: Βιβλίο
Γλώσσα:English
Δημοσίευση: Mahwah : Lawrence Erlbaum Associates, 1998
Θέματα:
Ετικέτες: Προσθήκη ετικέτας
Δεν υπάρχουν, Καταχωρήστε ετικέτα πρώτοι!

MARC

LEADER 00000nam a2200000 i 4500
001 1/34383
008 060914s1998 eng d
020 |a 0-8058-2642-4 (hbk.) 
035 |l 10085211 
040 |a GR-MY-UA  |b gre  |e aacr 
041 0 |a eng 
082 0 |a 371.33  |2 (22) 
245 1 0 |a Handbook of literacy and technology :  |b transformations in a post-typographic world /  |c edited by David Reinking...[et al.] 
260 |a Mahwah :   |b Lawrence Erlbaum Associates,   |c 1998 
300 |a xxx, 379 σ.;  |c 24 εκ. 
504 |a Περιλαμβάνει βιβλιογραφικές αναφορές και ευρετήριο 
650 0 0 |a Reading  |x Computer-assisted instruction  |x Congresses. 
650 0 0 |a English language  |x Composition and exercises  |x Computer-assisted instruction  |x Congresses. 
650 0 0 |a Educational technology  |x Congresses. 
650 0 0 |a Literacy  |x Congresses. 
700 1 |a Reinking, David.  |4 edt 
852 |a INST  |b RHODES  |e 20060914  |h 371.33 HAN  |p 005400024267  |q 005400024267  |t BK  |y 0 
901 |a BIBL4-2006-2 
909 |a Ρ  |b 129062 
920 |a ΑΝΑΜΟΡΦΩΣΗ  |b ΕΠΕΑΕΚ ΙΙ-ΤΕΠΑΕΣ  |y ΡΟΔΟΣ  |z 2006-07 
970 |a ΚΟΖΑ  |b ΜΑΡΙΑ  |z 2006/09/14